000 00452nam a22001697a 4500
005 20180818103740.0
008 160524b xxu||||| |||| 00| 0 eng d
020 _a81-203-2176-6
041 _aeng
082 _b4562
_a658.4012
100 _aJohnson, Gery & Scholes, Keven
_94830
245 _aExploring Corporate Strategy: text and cases
260 _aNew Delhi
_bAcademic Faundation
300 _a1062p,
650 _aManagement
_9241
942 _cBK
999 _c1529
_d1528